| 000 | 00574nam a2200205 a 4500 | ||
|---|---|---|---|
| 005 | 20140310183318.0 | ||
| 008 | 051202s19uu xx 00 eng d | ||
| 020 | _a9812471391 | ||
| 050 |
_aRM 170 _b.W555 2004 vol.2 |
||
| 100 | _aWilson, Billie Ann | ||
| 245 |
_aNurse's drug guide 2004 / _cBillie Ann Wilson. |
||
| 260 |
_aSingapore : _bPearson Prentice Hall, _c2004. |
||
| 300 |
_a785 p. : _c20 cm. |
||
| 521 | _aNUR | ||
| 650 |
_aNursing _xGuidebooks. |
||
| 700 | _aShannon, Margaret T. | ||
| 700 | _aStang, Carolyn L. | ||
| 942 |
_cBK _2lcc _kFOR |
||
| 999 |
_c21317 _d21317 |
||